<?xml version="1.0" encoding="UTF-8"?><?xml-stylesheet type="text/xsl" href="static/style.xsl"?><OAI-PMH xmlns="http://www.openarchives.org/OAI/2.0/" xmlns:xsi="http://www.w3.org/2001/XMLSchema-instance" xsi:schemaLocation="http://www.openarchives.org/OAI/2.0/ http://www.openarchives.org/OAI/2.0/OAI-PMH.xsd"><responseDate>2026-04-13T11:37:31Z</responseDate><request verb="GetRecord" identifier="oai:www.recercat.cat:2072/430232" metadataPrefix="marc">https://recercat.cat/oai/request</request><GetRecord><record><header><identifier>oai:recercat.cat:2072/430232</identifier><datestamp>2024-11-25T00:17:29Z</datestamp><setSpec>com_2072_98</setSpec><setSpec>col_2072_378192</setSpec></header><metadata><record xmlns="http://www.loc.gov/MARC21/slim" xmlns:dcterms="http://purl.org/dc/terms/" xmlns:xsi="http://www.w3.org/2001/XMLSchema-instance" xmlns:doc="http://www.lyncode.com/xoai" xsi:schemaLocation="http://www.loc.gov/MARC21/slim http://www.loc.gov/standards/marcxml/schema/MARC21slim.xsd">
   <leader>00925njm 22002777a 4500</leader>
   <datafield ind2=" " ind1=" " tag="042">
      <subfield code="a">dc</subfield>
   </datafield>
   <datafield ind2=" " ind1=" " tag="720">
      <subfield code="a">Solé Ferré, Jordi</subfield>
      <subfield code="e">author</subfield>
   </datafield>
   <datafield ind2=" " ind1=" " tag="720">
      <subfield code="a">Caminal i Saperas, Glòria</subfield>
      <subfield code="e">author</subfield>
   </datafield>
   <datafield ind2=" " ind1=" " tag="720">
      <subfield code="a">Schürmann, Martin</subfield>
      <subfield code="e">author</subfield>
   </datafield>
   <datafield ind2=" " ind1=" " tag="720">
      <subfield code="a">Álvaro, Gregorio</subfield>
      <subfield code="e">author</subfield>
   </datafield>
   <datafield ind2=" " ind1=" " tag="720">
      <subfield code="a">Guillén, Marina</subfield>
      <subfield code="e">author</subfield>
   </datafield>
   <datafield ind2=" " ind1=" " tag="260">
      <subfield code="c">2019</subfield>
   </datafield>
   <datafield ind2=" " ind1=" " tag="520">
      <subfield code="a">BACKGROUND: The oxy-functionalization of non-activated carbon bonds by the bacterial cytochrome P450 BM3 from Bacillus megaterium, presents a promising field in biosynthesis and it has gainedmuchinterest in recent decades. Nevertheless, the need for the expensive cofactor NADPH, togetherwith lowoperational stability of the enzyme have made the implementation of this biocatalyst unfeasible in most cases for industry. RESULTS: P450 BM3 and glucose dehydrogenase (GDH), as a cofactor regeneration enzyme, were successfully co-immobilized obtaining a bi-functional self-sufficient oxidative biocatalyst. First, a broad screening of 13 different supports was carried out. Five selected agaroses with three different functionalities (epoxy, amine and aldehyde) were studied and their immobilization processes optimized. Finally, P450 BM3 and GDH were co-immobilized on those supports showing the best performance for P450 BM3 immobilization: epoxy-agarose (epoxy-agarose-UAB) presenting 83% and 20% retained activities respectively; AMINO-agarose presenting 28% and 25%, and Lentikats® with which both enzymes retained 100% of the initial activity. Furthermore, the re-utilization of the self-sufficient immobilized derivatives was tested in five repeated cycles. CONCLUSIONS: P450 BM3 andGDHhave been successfully immobilized on three supports and their re-usability has been tested in amodel reaction. It represents a step forward for future P450 BM3 industrial implementations.</subfield>
   </datafield>
   <datafield tag="653" ind2=" " ind1=" ">
      <subfield code="a">Immobilization</subfield>
   </datafield>
   <datafield tag="653" ind2=" " ind1=" ">
      <subfield code="a">Biocatalysis</subfield>
   </datafield>
   <datafield tag="653" ind2=" " ind1=" ">
      <subfield code="a">Enzymes</subfield>
   </datafield>
   <datafield tag="653" ind2=" " ind1=" ">
      <subfield code="a">Oxidation</subfield>
   </datafield>
   <datafield ind2="0" ind1="0" tag="245">
      <subfield code="a">Co-immobilization of P450 BM3 and glucose dehydrogenase on different supports for application as a self-sufficient oxidative biocatalyst</subfield>
   </datafield>
</record></metadata></record></GetRecord></OAI-PMH>